| 000 -LEADER |
| fixed length control field |
02551cam a22003738i 4500 |
| 001 - CONTROL NUMBER |
| control field |
21749362 |
| 003 - CONTROL NUMBER IDENTIFIER |
| control field |
NUST |
| 005 - DATE AND TIME OF LATEST TRANSACTION |
| control field |
20240305121556.0 |
| 008 - FIXED-LENGTH DATA ELEMENTS--GENERAL INFORMATION |
| fixed length control field |
201013s2021 enk b 001 0 eng |
| 010 ## - LIBRARY OF CONGRESS CONTROL NUMBER |
| LC control number |
2020046164 |
| 020 ## - INTERNATIONAL STANDARD BOOK NUMBER |
| International Standard Book Number |
9780367563233 |
| 038 ## - RECORD CONTENT LICENSOR |
| Staff Name |
Malang Jan |
| 040 ## - CATALOGING SOURCE |
| Original cataloging agency |
DLC |
| Language of cataloging |
eng |
| Description conventions |
rda |
| Transcribing agency |
DLC |
| 042 ## - AUTHENTICATION CODE |
| Authentication code |
pcc |
| 050 00 - LIBRARY OF CONGRESS CALL NUMBER |
| Classification number |
NA2794 |
| Item number |
.H47 2021 |
| 082 00 - DEWEY DECIMAL CLASSIFICATION NUMBER |
| Classification number |
729.28 |
| Edition number |
23 |
| Author Mark |
HES |
| 100 1# - MAIN ENTRY--PERSONAL NAME |
| Personal name |
Heschong, Lisa, |
| Relator term |
author. |
| 9 (RLIN) |
121825 |
| 245 10 - TITLE STATEMENT |
| Title |
Visual delight in architecture : |
| Remainder of title |
daylight, vision and view / |
| Statement of responsibility, etc. |
Lisa Heschong. |
| 263 ## - PROJECTED PUBLICATION DATE |
| Projected publication date |
2103 |
| 264 #1 - PRODUCTION, PUBLICATION, DISTRIBUTION, MANUFACTURE, AND COPYRIGHT NOTICE |
| Place of production, publication, distribution, manufacture |
Abingdon, Oxon ; |
| -- |
New York : |
| Name of producer, publisher, distributor, manufacturer |
Routledge, |
| Date of production, publication, distribution, manufacture, or copyright notice |
[2021] |
| 300 ## - PHYSICAL DESCRIPTION |
| Extent |
397p.: |
| Other physical details |
ill; |
| 336 ## - CONTENT TYPE |
| Content type term |
text |
| Content type code |
txt |
| Source |
rdacontent |
| 337 ## - MEDIA TYPE |
| Media type term |
unmediated |
| Media type code |
n |
| Source |
rdamedia |
| 338 ## - CARRIER TYPE |
| Carrier type term |
volume |
| Carrier type code |
nc |
| Source |
rdacarrier |
| 504 ## - BIBLIOGRAPHY, ETC. NOTE |
| Bibliography, etc. note |
Includes bibliographical references and index. |
| 520 ## - SUMMARY, ETC. |
| Summary, etc. |
"Visual Delight in Architecture examines the many ways that our lives are enriched by the presence of natural daylight illumination and window views within our buildings. It makes the case that appropriately timed exposure to daylight is essential to our health and well-being, tied to the very genetic foundations of our physiology and cognitive function. It then goes on to help the reader appreciate the subtlety, beauty and pleasures of well-daylit spaces and attractive window views, and how these are woven into the fabric of our daily sensory experiences, and determined by the design of our buildings, cities, and cultural perspectives. The book is written to engage and challenge a variety of readers, including all forms of building and urban designers, plus anyone interested in human health and wellbeing, from medical researchers to the occupants of all types of buildings. Examples range in detail from common everyday experiences to the latest findings in cognitive research. An important goal of the book is integration across perspectives, such as helping designers to become more comfortable with the scientific basis of their work, and scientists more curious about the design implications of their research"-- |
| Assigning source |
Provided by publisher. |
| 650 #0 - SUBJECT ADDED ENTRY--TOPICAL TERM |
| Topical term or geographic name entry element |
Daylighting. |
| 9 (RLIN) |
31996 |
| 650 #0 - SUBJECT ADDED ENTRY--TOPICAL TERM |
| Topical term or geographic name entry element |
Architecture |
| General subdivision |
Human factors. |
| 9 (RLIN) |
31857 |
| 650 #0 - SUBJECT ADDED ENTRY--TOPICAL TERM |
| Topical term or geographic name entry element |
Architecture |
| General subdivision |
Health aspects. |
| 9 (RLIN) |
121826 |
| 776 08 - ADDITIONAL PHYSICAL FORM ENTRY |
| Relationship information |
Online version: |
| Main entry heading |
Heschong, Lisa. |
| Title |
Visual delight in architecture |
| Place, publisher, and date of publication |
Abingdon, Oxon ; New York : Routledge, [2021] |
| International Standard Book Number |
9781003097594 |
| Record control number |
(DLC) 2020046165 |
| 906 ## - LOCAL DATA ELEMENT F, LDF (RLIN) |
| a |
7 |
| b |
cbc |
| c |
orignew |
| d |
1 |
| e |
ecip |
| f |
20 |
| g |
y-gencatlg |
| 942 ## - ADDED ENTRY ELEMENTS (KOHA) |
| Source of classification or shelving scheme |
|
| Koha item type |
Book |